Spell the Marvel Character #367 - Statistics

General Stats
  • This quiz has been taken 15 times
  • The average score is 8 of 11
Answer Stats
Picture Answer % Correct
Vision
100%
Elektra
93%
Nightcrawler
87%
Emma Frost
80%
Outlaw
80%
Agent Venom
73%
Gamora
73%
Thor Girl
73%
Arana
67%
Mercury
53%
Night Thrasher
53%
No matching quizzes found
Score Distribution
Percent of People with Each Score
Percentile by Number Answered
Your Score History
You have not taken this quiz